Á lódáil...

Raat mein harmonium/

Sonraí Bibleagrafaíochta
Príomhúdar: Uday Prakash
Formáid: Printed Book
Foilsithe: New Delhi: Vani, 1998.
Ábhair:
LEADER 00558nam a22001691a 4500
020 |a 9788170556251 
082 |a H1  |b UDA/R 
100 |a Uday Prakash  |9 120384 
245 |a Raat mein harmonium/  |c by Uday Prakash 
260 |a New Delhi:  |b Vani,   |c 1998. 
300 |a 144p. 
650 |a Poetry Hindi  |9 120385 
650 |a Literature Hindi  |9 120386 
650 |a Literature  |9 120387 
942 |c BK 
999 |c 36840  |d 36840 
952 |0 0  |1 0  |4 0  |6 H_1_000000000000000_UDA_R  |7 0  |9 53256  |a SSUS  |b SSUS  |d 2015-01-08  |g 100.00  |l 1  |o H1 UDA/R  |p 021304  |r 2018-04-24  |s 2018-04-07  |v 0.00  |w 2015-01-08  |y BK